Statistics for TWD Characters by actor

Click here to take the quiz!

General Stats

  • This quiz has been taken 392 times
  • The average score is 12 of 16

Answer Stats

HintAnswer% Correct
ReedusDaryl Dixon
97%
YeunGlen Rhee
96%
RiggsCarl Grimes
95%
CohanMaggie Greene
95%
LincolnRick Grimes
94%
Dean MorganNegan
90%
McBrideCarol Peletier
89%
GuriraMichonne
86%
CudlitzAbraham Ford
76%
SerratosRosita Espinosa
74%
McDermittEugene Porter
72%
JamesMorgan Jones
58%
MartinSasha WIlliams
53%
GilliamGabriel Stokes
52%
MastersonTara Chambler
52%
MarquandAaron
51%

Score Distribution

Percentile by Number Answered

Percent of People with Each Score

Your Score History

You have not taken this quiz